000 00351nam a22001457a 4500
003 SGT
020 _a9788194568629
082 _a347.09
_bPAR
100 _aPARANJAPE , N V
245 _aLAW RELATING TO ARBITRATION CONCILIATION IN INDIA
250 _a9
260 _aPRAYAGRAJ
_bCENTRAL LAW AGENCY
_c2021
300 _aXL , 519
942 _2ddc
_cBK
_019
999 _c23997
_d23997